The constitution of Jammu & Kashmir (Record no. 1534)

MARC details
000 -LEADER
fixed length control field 00837 a2200217 4500
010 ## - LIBRARY OF CONGRESS CONTROL NUMBER
LC control number ENG-85165
020 ## - INTERNATIONAL STANDARD BOOK NUMBER
International Standard Book Number 8175345209
Terms of availability 475.00
035 ## - SYSTEM CONTROL NUMBER
System control number EN-68698
037 ## - SOURCE OF ACQUISITION
Source of stock number/acquisition D.B.Act / Pub
082 14 - DEWEY DECIMAL CLASSIFICATION NUMBER
Classification number 342.5411
090 ## - LOCALLY ASSIGNED LC-TYPE CALL NUMBER (OCLC); LOCAL CALL NUMBER (OCLC)
-- 1559
-- 1559
100 1# - MAIN ENTRY--PERSONAL NAME
Personal name Anand, A. S.
245 1# - TITLE STATEMENT
Title The constitution of Jammu & Kashmir
Remainder of title its development & comments
Statement of responsibility, etc by A. S. Anand
250 ## - EDITION STATEMENT
Edition statement 5th ed.
260 ## - PUBLICATION, DISTRIBUTION, ETC. (IMPRINT)
Place of publication, distribution, etc New Delhi
Name of publisher, distributor, etc Universal Law Publishing
Date of publication, distribution, etc 2006
270 ## - ADDRESS
Address C-FF-1A, Dilkhush Induatrial Estate, Opp. Hans Cinema, G. T. Karnal Raod, Azadpur
City Delhi
Postal code 110 033
Telephone number 011- 27438103, 011-27215334, 011-52381334
Fax number 011-27458529
Electronic mail address edit@unilawbooks.com
300 ## - PHYSICAL DESCRIPTION
Extent xxxii, 511p.
Other physical details 24 cm (Hb.)
500 ## - GENERAL NOTE
General note Includes index
942 ## - ADDED ENTRY ELEMENTS (KOHA)
Institution code [OBSOLETE] dpl
Koha item type English Books
Call number prefix 342.5411 / ANA
Holdings
Withdrawn status Lost status Source of classification or shelving scheme Damaged status Not for loan Collection code Home library Current library Source of acquisition Cost, normal purchase price Total Checkouts Full call number Barcode Date last seen Copy number Uniform Resource Identifier Cost, replacement price Price effective from Koha item type
    Dewey Decimal Classification   Not For Loan Non-fiction D.B.Act.Division D.B.Act.Division DBAD/PUB 475.00   342.5411 EN-68698 15/09/2008 1 1612 475.00 15/09/2008 English Books

© Delhi Public Library
Hit Counter
free hit counter